000 00504nam a2200181Ia 4500
008 240925s9999 xx 000 0 und d
020 _a1575213664
082 _a005.72 OLI
100 _aOliver, Dick
245 0 _aSams Teach Yourself HTML 4 in 24 HourS
250 _a2nd
260 _aIndianapolis:
_bSAMS Publishing
_c,1997.
300 _axiv,898p.
_bNA
_fOriginal
500 _aIncludes Index
600 _aComputer Science
650 _aComputer science, information & general works
942 _cBK
999 _c6066
_d6066